| 000 | 01322nam a2200241Ii 4500 | ||
|---|---|---|---|
| 003 | JO-AjNU | ||
| 005 | 20240630085750.0 | ||
| 008 | 230605s9999||||xx |||||||||||||| ||und|| | ||
| 040 |
_aJO-AjNU _bara _erda _cJO-AjNU |
||
| 041 | _aara | ||
| 050 | 1 | 4 | _aK5101.2011 |
| 100 | 1 |
_aالعماوي، محمد عبدالغفور محمد _eمعد _965853 |
|
| 245 | 0 | 0 |
_aالتعويض عن الأضرار المجاورة للضرر الجسدي = The compensation for damages accompanying with the bodily damage _cاعداد محمد عبدالغفور محمد العماوي؛ اشراف اسامة ابو الحسن مجاهد |
| 264 | 3 | 1 | _a2011 |
| 300 | _a186 ورقة | ||
| 336 |
_atext _btxt _2rdacontent |
||
| 337 |
_aunmediated _bn _2rdamedia |
||
| 338 |
_avolume _bnc _2rdacarrier |
||
| 500 | _aرسالة جامعية (دكتوراة في القانون)--جامعة عمان العربية ، 2011، يشتمل على المراجع الببلوغرافية باللغة العربية واللغة الإنجليزية واللغة الايطالية ص(180-186) | ||
| 650 | 4 |
_aالتعويضات -- قوانين وتشريعات -- الأردن -- الأضرار -- قوانين وتشريعات -- الأردن _933621 |
|
| 700 | 1 |
_aمجاهد، اسامة ابو الحسن _eمشرف _947208 |
|
| 942 |
_2lcc _cTHS |
||
| 999 |
_c17271 _d17271 |
||